Women's participation in improvement of household living standard in phnov commune, santok district, kampong thom province, ការចូលរួមរបស់ស្រ្តីក្នុងការលើកកំពស់កំរិតជីវភាពគ្រួសាក្នុងឃុំពៅ ស្រុកសន្ទុក ខេត្តកំពង់ធំ (Record no. 4694)

000 -LEADER
fixed length control field 00747nam a22001577a 4500
003 - CONTROL NUMBER IDENTIFIER
control field OSt
005 - DATE AND TIME OF LATEST TRANSACTION
control field 20151217152311.0
008 - FIXED-LENGTH DATA ELEMENTS--GENERAL INFORMATION
fixed length control field 151217b xxu||||| |||| 00| 0 eng d
040 ## - CATALOGING SOURCE
Transcribing agency RUA
082 ## - DEWEY DECIMAL CLASSIFICATION NUMBER
Classification number AED KHU 2008 B231 Or.1
100 ## - MAIN ENTRY--PERSONAL NAME
9 (RLIN) 5046
Personal name KHUTH, KHUNNY.
245 ## - TITLE STATEMENT
Title Women's participation in improvement of household living standard in phnov commune, santok district, kampong thom province, ការចូលរួមរបស់ស្រ្តីក្នុងការលើកកំពស់កំរិតជីវភាពគ្រួសាក្នុងឃុំពៅ ស្រុកសន្ទុក ខេត្តកំពង់ធំ
260 ## - PUBLICATION, DISTRIBUTION, ETC. (IMPRINT)
Place of publication, distribution, etc. Phnom Penh
Name of publisher, distributor, etc. RUA
Date of publication, distribution, etc. 2008
300 ## - PHYSICAL DESCRIPTION
Extent xii; 45p.
Other physical details ill.
Dimensions 29cm.
942 ## - ADDED ENTRY ELEMENTS (KOHA)
Source of classification or shelving scheme
Koha item type AED

No items available.

មជ្ឈមណ្ឌលឯការនៃសាកលវិទ្យាល័យភូមិន្ទកសិកម្មចំការដូង

Powered by Koha